000 01200nam a22002177a 4500
942 _cBK
999 _c725
_d725
005 20250420134822.0
008 211111b ||||| |||| 00| 0 eng d
020 _a9781788996082
040 _cKCST
082 _a005.1
_bBi Fl
100 _aBiessek, Alessandro
_95443
245 _aFlutter for beginners :
_ban introductory guide to building cross-platform mobile applications with Flutter and Dart 2 /
_cAlessandro Biessek
260 _aBirmingham, UK :
_bPackt Publishing,
_c2019.
300 _a491 p.
505 _aAn introduction to Dart -- Intermediate Dart programming -- An introduction to Flutter -- Widgets : building layouts in Flutter -- Handling user input and gestures -- Theming and styling -- Routing : navigating between screens -- Firebase Plugins -- Developing your own Flutter Plugin -- Accessing device features from the Flutter App -- Platform views and map integration -- Testing, debugging, and deployment -- Improving user experience -- Widget graphic manipulations -- Animations.
650 _aDart (Computer program language)
_94611
650 _aApplication software -- Development.
_95444
650 _aMobile apps -- Development.
_95445
942 _2ddc